000 00206nam a22000977a 4500
008 180806b xxu||||| |||| 00| 0 eng d
082 _a813.52
245 _aMozart
_cDisc
300 _a1
_fCD
942 _2ddc
_cMX
999 _c46828
_d46828